Otázniky nad hrobmi /

Guardado en:
Detalles Bibliográficos
Autor principal: Souček, Ludvík (Autor)
Formato: Libro
Lenguaje:eslovaco
Publicado: Brratislava Obzor 1986
Edición:1. vydanie
Colección:Periskop
Etiquetas: Agregar Etiqueta
Sin Etiquetas, Sea el primero en etiquetar este registro!

MARC

LEADER 00000nam a22000003a 4500
001 0102378
003 SK-STU
005 20230605150814.2
007 ta
008 230605s ----xo-----e------000-0-----d
040 |a STU  |b slo 
041 0 |a slo 
044 |a xo 
100 1 |a Souček, Ludvík  |4 aut 
245 1 0 |a Otázniky nad hrobmi /  |c aut. Ludvík Souček 
250 |a 1. vydanie 
260 |a Brratislava  |b Obzor  |c 1986 
300 |a 264 s. 
490 0 |a Periskop 
996 |c I* 4SOA13921  |l I  |s A  |a 24  |w 0102378_0001